An introduction to object-oriented analysis : (Record no. 346274)

000 -LEADER
fixed length control field 01224 a2200253 4500
003 - CONTROL NUMBER IDENTIFIER
control field OSt
005 - DATE AND TIME OF LATEST TRANSACTION
control field 20180116182812.0
008 - FIXED-LENGTH DATA ELEMENTS--GENERAL INFORMATION
fixed length control field 161123b xxu||||| |||| 00| 0 eng d
020 ## - INTERNATIONAL STANDARD BOOK NUMBER
International Standard Book Number 0471371378
020 ## - INTERNATIONAL STANDARD BOOK NUMBER
International Standard Book Number 9780471371373
040 ## - CATALOGING SOURCE
Transcribing agency 0
082 04 - DEWEY DECIMAL CLASSIFICATION NUMBER
Classification number 005.12 BRO 2002
100 1# - MAIN ENTRY--PERSONAL NAME
Personal name Brown, David William.
245 13 - TITLE STATEMENT
Title An introduction to object-oriented analysis :
Remainder of title objects and uml in plain english /
Statement of responsibility, etc. David William Brown.
250 ## - EDITION STATEMENT
Edition statement 2nd ed.
260 ## - PUBLICATION, DISTRIBUTION, ETC.
Place of publication, distribution, etc. [S.l.] :
Name of publisher, distributor, etc. Wiley,
Date of publication, distribution, etc. 2002.
300 ## - PHYSICAL DESCRIPTION
Extent 668 p. ;
Dimensions 25 cm.
440 ## - SERIES STATEMENT/ADDED ENTRY--TITLE
Title An introduction to object-oriented analysis :objects and uml in plain english /
500 ## - GENERAL NOTE
General note Paperback.
520 ## - SUMMARY, ETC.
Summary, etc. This book is a very general and accessible introduction to Object Oriented Analysis. It contains extensive pedagogy and incorporates patient explanations, making it ideal for beginners. Incorporation of real-world examples, case studies, and in depth theory and skills for practical application makes this book very user-friendly.
856 40 - ELECTRONIC LOCATION AND ACCESS
Materials specified Amazon.com
Uniform Resource Identifier <a href="http://www.amazon.com/exec/obidos/ASIN/0471371378/chopaconline-20">http://www.amazon.com/exec/obidos/ASIN/0471371378/chopaconline-20</a>
856 40 - ELECTRONIC LOCATION AND ACCESS
Materials specified Amazon customer reviews
Uniform Resource Identifier <a href="http://www.chopac.org/cgi-bin/tools/azrev.pl?q=0471371378">http://www.chopac.org/cgi-bin/tools/azrev.pl?q=0471371378</a>
942 ## - ADDED ENTRY ELEMENTS (KOHA)
Institution code [OBSOLETE] NBS
Koha item type Book
Call number prefix 5.12 BRO 2002
Source of classification or shelving scheme
Holdings
Withdrawn status Lost status Source of classification or shelving scheme Damaged status Not for loan Permanent Location Current Location Date acquired Total Checkouts Full call number Barcode Date last seen Date last checked out Price effective from Koha item type
          Central Library (CL) Central Library (CL) 08/28/2013 1 5.12 BRO NBSD-208 11/22/2017 07/18/2017 08/28/2013 Book
© 2023 Central Library, National University of Sciences and Technology. All Rights Reserved.